000
00287nam a2200121Ia 4500
008
190216s9999||||xx |||||||||||||| ||und||
100
_a
Byers T J
245
0
_a
Ibm Ps/2
260
_b
Mcgraw -hill
_c
1989
300
_a
315p
650
_a
"Computer Programming. Programs, Data"
942
_c
BK
999
_c
8552
_d
8552